Filosofia e filosofias: (Record no. 25282)

MARC details
000 -LÍDER
campo de controle de tamanho fixo 00394 a2200157 4500
001 - NÚMERO DE CONTROLE
campo de controle 25282
020 ## - ISBN - INTERNATIONAL STANDARD BOOK NUMBER
ISBN - International Standard Book Number 9788582179796
040 ## - FONTE DA CATALOGAÇÃO
Instituição que transcreveu o registro Anchieta - São Paulo/Itaigara
100 ## - ENTRADA PRINCIPAL--NOME PESSOAL
Nome pessoal Savian Filho, Juvenal
240 10 - TÍTULO UNIFORME
Título uniforme Filosofia e filosofias:
Idioma da obra por
245 10 - TÍTULO
Título Filosofia e filosofias:
300 ## - DESCRIÇÃO FÍSICA
Extensão 400
362 0# - DATAS DE PUBLICAÇÃO E/OU DESIGNAÇÃO SEQUENCIAL
Datas de publicação e/ou designação sequencial 2016
650 #4 - ASSUNTO--TERMO TÓPICO
Cabeçalho tópico ou nome geográfico Educação, pesquisa e tópicos relacionados
942 ## - ELEMENTOS DE ENTRADA ADICIONADOS (KOHA)
Tipo de material Koha Livros
Holdings
Situação do descarte Situação das perdas Situação física Não pode ser emprestado Biblioteca de origem Biblioteca atual Data de aquisição Total de empréstimos Número de chamada completo Código de barras Data de último acesso Data do último empréstimo Data do preço efetivo Tipo de material Koha
        Colégio São Paulo Colégio São Paulo 22/11/2023   107 C496f 7028/CSP 22/11/2023   22/11/2023 Livros
        Colégio Anchieta - Pituba Inspira 21/11/2023 1 107 S267f SAV FIL 23899/PIT 21/11/2023 21/11/2023 21/11/2023 Livros